000 01143cam a2200325 i 4500
001 20703
003 CO-MdFUSB
005 20190202100412.0
008 161101t1987 xxu||||f |||| 00| 0 eng d
020 _a0-8006-0181-5
040 _aCO-MdFUSB
_bEspañol
_cCO-MdFUSB
_dCO-MdFUSB
_erda
041 _aeng
082 _224
_a220.66
_bN532
100 1 _aPerrin, Norman
_eautor
245 0 0 _aWhat is redaction criticism?
_c / Norman Perrin
264 1 _aPhiladelphia, Pennsylvania :
_b Fortress Press,
_c℗1987
264 4 _c©1969
300 _a86 páginas
336 _2rdacontent
_a1
_ba1
337 _2rdamedia
_a2
_b5
338 _2rdacarrier
_a2
_b5
490 _aGuides to Biblical Scholarship
501 _aRústico
505 0 0 _a¿Qué es la crítica de la redacción? - Los orígines de una disciplina - El florecimiento de la disciplina - La crítica de la redacción trabajando - La importancia de la disciplina
630 0 7 _aBiblia
_xCrítica, interpretación, etc.
630 7 _aBiblia.
_pNuevo Testamento
_xCrítica, interpretación, etc.
650 7 _aCrítica textual
_2
_9482
942 _cREF
999 _c47054
_d47054